| 000 | 00779cam a2200241 a 4500 | ||
|---|---|---|---|
| 005 | 20220525154209.0 | ||
| 008 | 191211s2010 sp gr 000 f spa d | ||
| 020 | _a9788423342211 | ||
| 035 | _aUPN01000234790 | ||
| 040 |
_aMX-MxUPN _bspa _cMX-MxUPN |
||
| 050 | 1 | 4 |
_aPQ2704 E.83 _bA.94 |
| 100 | 1 |
_aDésalmand, Paul, _944555 _d1937- |
|
| 245 | 1 | 4 |
_aLas aventuras de un libro vagabundo / _cPaul Desalmand ; traducción de Palmira Feixas |
| 260 |
_aBarcelona : _bDestino, _c2010. |
||
| 300 | _a189 páginas | ||
| 490 |
_aColección Áncora y Delfín _v1171 |
||
| 500 | _aTítulo original: Le pilon. | ||
| 650 | 2 |
_922525 _aNovela francesa _ySiglo XXI |
|
| 700 | 1 |
_944556 _aFeixas, Palmira, _d1981- _etraductora |
|
| 905 | _aLibro | ||
| 942 |
_2lcc _cLIBRO |
||
| 999 |
_c206885 _d206885 |
||